Canzoni di Capo Plaza - Statistics

Statistiche generali
  • Questo quiz è stato fatto 63 volte
    40 dall'ultimo reset
  • Il punteggio medio è 42 su 99
Statistiche sulle risposte
Album Anno Feat Risposta % Corretto
20 2018 Sfera Ebbasta, Drefgold Tesla
89%
20 2018 - 20
81%
PLAZA 2021 - Allenamento #4
78%
20 2018 - Giovane fuoriclasse
78%
- 2017 AVA, Mojobeatz Allenamento #2
74%
- 2017 AVA, Mojobeatz Allenamento #3
74%
PLAZA 2021 - Plaza
74%
- 2017 AVA, Mojobeatz Allenamento #1
70%
PLAZA 2021 - Non Fare Così
70%
PLAZA 2021 Sfera Ebbasta Demonio
67%
20 2018 - Uno squillo
67%
Hustle Mixtape 2022 - Capri Sun
63%
FERITE 2024 - Ferite
63%
FERITE 2024 ANNA Soldi Arrotolati
63%
PLAZA 2021 Gunna VVS
63%
FERITE 2024 Artie 5ive La Ca$$a
59%
20 2018 Ghali Ne è valsa la pena
59%
FERITE 2024 Lazza Money Rain
56%
- 2016 AVA STO Freestyle
56%
FERITE 2024 - Acqua Passata
52%
20(Deluxe Edition) 2018 Ninho Billets
52%
PLAZA(Deluxe Edition) 2021 Morad Envidioso
52%
Hustle Mixtape 2022 - Hustle
52%
FERITE(Deluxe Edition) 2024 Shiva Nuovo Inizio
52%
20 2018 - Taxi
52%
PLAZA 2021 Luciano Ferrari
48%
20 2018 - Forte e chiaro
48%
20 2018 - Interlude(Ora è la mia ora)
48%
- 2025 Bresh, Tony Effe Non Basta Mai
48%
20 2018 - Non cambierò mai
48%
PLAZA 2021 A Boogie wit da Hoodie No Stress
48%
20(Deluxe Edition) 2018 - RATATA
48%
20 2018 - Vabbene
48%
Hustle Mixtape 2022 Leto Air Force
44%
FERITE 2024 Tony Boy I Miss U
44%
20(Deluxe Edition) 2018 - NewJeans
44%
PLAZA(Deluxe Edition) 2021 Aya Nakamura Panama
44%
PLAZA 2021 - Pochette
44%
PLAZA 2021 - Tevez
44%
PLAZA 2021 - Ultimo Banco
44%
FERITE 2024 Tedua Ancora Qua
41%
PLAZA 2021 - Fiamme Alte
41%
FERITE 2024 Takagi & Ketra Fino All'Alba
41%
20 2018 - Giù da me
41%
20 2018 - J$ JP
41%
Hustle Mixtape 2022 - Non Bastano Mai
41%
FERITE 2024 - Oh Amore
41%
PLAZA 2021 - OMG
41%
PLAZA(Deluxe Edition) 2021 Tion Wayne Pronto
41%
Hustle Mixtape 2022 - Stone Island
41%
PLAZA 2021 - Successo
41%
FERITE 2024 - Baby Girl
37%
20(Deluxe Edition) 2018 - Coupè
37%
Hustle Mixtape 2022 - Giungla
37%
Hustle Mixtape 2022 - Goyard
37%
FERITE(Deluxe Edition) 2024 - Lo So Che
37%
FERITE 2024 - Mi Riempi Di Chiamate
37%
FERITE(Deluxe Edition) 2024 Tony Effe Nati Bastardi
37%
20 2018 - Nike Boy
37%
PLAZA 2021 Lil Tjay Richard Mille
37%
- 2019 - So cosa fare
37%
FERITE 2024 - Sottovuoto
37%
PLAZA 2021 - Street
37%
PLAZA 2021 - Track 1
37%
FERITE(Deluxe Edition) 2024 - Borse Hermès
33%
FERITE 2024 - Busy
33%
20 2018 - Come me
33%
Hustle Mixtape 2022 - Hennessy
33%
- 2019 AVA Ho Fatto Strada
33%
PLAZA(Deluxe Edition) 2021 - I Soldi Parlano
33%
- 2025 - Larry Hoover
33%
Hustle Mixtape 2022 - Money Time Freestyle
33%
FERITE 2024 - Nato Per Questo
33%
FERITE 2024 Mahmood No Drama
33%
Hustle Mixtape 2022 - RapStar
33%
- 2014 Sfera Ebbasta Tutti i giorni
33%
Hustle Mixtape 2022 Gazo, Russ Millions Everyday Everynight
30%
FERITE 2024 Annalisa Memories
30%
Hustle Mixtape 2022 Koba LaD Paranoie(BIT)
30%
FERITE 2024 - Solo Un'Ora
30%
- 2013 - Sto giù
30%
- 2023 - Freddy Krueger Freestyle
26%
- 2016 AVA Mai come vogliono
26%
- 2016 AVA Nisida
26%
- 2016 AVA, Mojobeatz Non si ferma
26%
Sulamente nuje 2016 Peppe Soks Tutto passa
26%
Sulamente nuje 2016 Peppe Soks, Young B, Izi Dal quartiere
22%
FERITE(Deluxe Edition) 2024 - Dolce E Amara
22%
FERITE 2024 - Non C'è Love
22%
Sulamente nuje 2016 Peppe Soks Sulamente nuje
22%
FERITE 2024 - Tutta La Night
22%
Sulamente nuje 2016 Peppe Soks, Pacino Capiti male
19%
FERITE(Deluxe Edition) 2024 - Dimmi Tu
19%
- 2014 - Giro con i miei
19%
Sulamente nuje 2016 Peppe Soks No Game
19%
Sulamente nuje 2016 Peppe Soks Chiove
15%
Sulamente nuje 2016 Peppe Soks For' pcchè
15%
Sulamente nuje 2016 Peppe Soks Loro che ne sanno
15%
Sulamente nuje 2016 Peppe Soks Nun me fid'
15%
Nessun quiz corrispondente trovato
Distribuzione punteggi
Percentuale di utenti per punteggio
Percentile per numero di risposta
I tuoi punteggi nel tempo
Non hai fatto questo quiz dall'ultimo reset